LEADER 01089nam a2200253 i 4500 001 000000211204 003 CaOOAMICUS 005 20220113093138.0 008 120223s1870 gw u000 u gre u 013 $a190017 040 $aSeMil$bita 100 1 $aHesiodus,$d.$0(OLS)http://semarc/name/12098 245 10$aHesiodea quae feruntur carmina /$cex recensione Arminii Koechly. 260 $aLipsiae :$bin aedibus B. G. Teubneri,$c1870. 300 $aIV, 80 p. ;$c19 cm. 490 0 $aBibliotheca scriptorum graecorum et romanorum Teubneriana 700 1 $aKoechly, Hermann August Theodor.$0(OLS)http://semarc/name/75483 830 0$aBibliotheca scriptorum graecorum et romanorum Teubneriana.$0(OLS)http://semarc/title/35285 850 $aSeMil 852 $aSeMil$W1$xVenegono$y1$m1X II 153/1 FA$j161647$B161647$CSeMilBibl$Z2$F172974 $8I 961 $aOmaggio: Deposito 996 $6245$aHesiodea quae feruntur carmina$9(OLS)http://semarc/title/305134 996 $6260$aLipsiae :$bin aedibus B. G. Teubneri$9(OLS)http://semarc/publisher/36792 LEADER 01117nam a2200253 i 4500 001 000000192083 003 CaOOAMICUS 005 20100915000000.0 008 100915s1962 it u000 u ita u 013 $a170656 040 $aSeMil$bita 100 1 $aGalli, Giorgio,$d<1928-2020>.$0(OLS)http://semarc/name/19304 245 13$aLa sinistra democristiana :$bstoria e ideologia /, Paolo Facchi. 260 $aMilano :$bFeltrinelli,$c1962. 300 $a470 p. ;$c23 cm. 490 0 $aI fatti e le idee : Saggi e biografie ;$v38 650 4$aDemocrazia Cristiana <1943-1994> - Storia.$0(OLS)http://semarc/subject/2147 700 1 $aFacchi, Paolo.$0(OLS)http://semarc/name/54091 830 2$aI fatti e le idee ;$v38.$0(OLS)http://semarc/title/9191 850 $aSeMil 852 $aSeMil$W1$xVenegono$y1$m3N IV 580$j142659$B142659$CSeMilBibl$Z2$F155101 $81 961 $aOmaggio: Grampa dott. Cesare 996 $6245$aLa sinistra democristiana :$bstoria e ideologia /, Paolo Facchi$9(OLS)http://semarc/title/276738 996 $6260$aMilano :$bFeltrinelli$9(OLS)http://semarc/publisher/30237